| 000 | 00589nam a2200205Ia 4500 | ||
|---|---|---|---|
| 005 | 20250923145734.0 | ||
| 008 | 008 250917s9999 xx 000 0 eng d | ||
| 037 | _aTextual | ||
| 040 |
_aDSWL _beng _cDSWL |
||
| 041 |
_aeng _2eng |
||
| 084 |
_aT2:3.2, N85.2 _qDSWL |
||
| 100 |
_aKaushik, M.M. _9838469 |
||
| 245 | 0 |
_aSource book on socially useful productive work _cby M.M.Kaushik |
|
| 260 |
_aNew Delhi _b N.C.E.R.T. _c1985 |
||
| 300 | _aiv,162p. | ||
| 490 | _vVol II | ||
| 700 |
_a B. Verma _9838470 |
||
| 942 |
_cTEXL _hT2:3.2, N85.2 |
||
| 999 |
_c1455058 _d1455058 |
||